|
|
|
|
| LEADER |
00000nas a2200000 a 4500 |
| 001 |
ssj0000547313 |
| 003 |
WaSeSS |
| 005 |
20200512172242.0 |
| 006 |
m d |
| 007 |
cr n |
| 008 |
060630c20069999mauar ss 0 a0eng |
| 010 |
|
|
|a 2006213989
|
| 022 |
|
|
|a 1932-4308
|l 1932-4308
|y 2332-581X
|
| 035 |
|
|
|a (WaSeSS)ssj0000547313
|
| 037 |
|
|
|b John F. Kennedy School of Government, Cambridge, MA 02138
|
| 040 |
|
|
|a DLC
|b eng
|c DLC
|d DLC
|d OCLCQ
|d HUL
|d DLC
|d OCLCF
|d DLC
|d OCLCO
|d OCLCQ
|d CUI
|d OCLCQ
|d OCL
|d OCLCA
|d AU@
|d WaSeSS
|
| 042 |
|
|
|a pcc
|a nsdp
|
| 043 |
|
|
|a f------
|
| 050 |
0 |
0 |
|a HC800.A1
|
| 082 |
1 |
0 |
|a 327.6
|2 13
|
| 222 |
|
0 |
|a Africa policy journal
|
| 245 |
0 |
0 |
|a Africa policy journal
|h [electronic resource].
|
| 246 |
1 |
|
|a APJ
|
| 246 |
1 |
|
|a Harvard Africa policy journal
|
| 260 |
|
|
|a Cambridge, MA :
|b John F. Kennedy School of Government,
|c ©2006-
|
| 310 |
|
|
|a Annual
|
| 362 |
0 |
|
|a Vol. 1 (spring 2006)-
|
| 500 |
|
|
|a Title from title screen (Publisher's Web site, viewed June 14, 2006).
|
| 506 |
|
|
|a License restrictions may limit access.
|
| 588 |
|
|
|a Latest issue consulted: Vol. 8 (2012/2013) (ProQuest, viewed Nov. 21, 2013).
|
| 648 |
|
7 |
|a 2000-2099
|2 fast
|
| 650 |
|
7 |
|a Economic policy.
|2 fast
|0 (OCoLC)fst00902025
|
| 651 |
|
0 |
|a Africa
|x Economic policy
|y 21st century
|v Periodicals.
|
| 651 |
|
7 |
|a Africa.
|2 fast
|0 (OCoLC)fst01239509
|
| 655 |
|
0 |
|a Electronic journals.
|
| 710 |
2 |
|
|a John F. Kennedy School of Government.
|
| 776 |
0 |
8 |
|i Print version:
|t Harvard Africa policy journal
|x 2332-581X
|w (DLC) 2013235253
|w (OCoLC)863643023
|
| 850 |
|
|
|a DLC
|
| 856 |
4 |
0 |
|z Full text available from Research Library: 01/01/2009 to 12/31/2017
|u https://search.proquest.com/publication/436385
|
| 856 |
4 |
0 |
|z Full text available from Research Library: 01/01/2019 to present
|u https://search.proquest.com/publication/436385
|